000 00683nam a2200229 a 4500
999 _c10723
_d10723
001 10723
003 BD-JhCC
005 20180811201959.0
008 180811b2012 bg |||| ||a| 001 0 ben d
020 _a9789848975442
035 _a(BD-JhCC)10723
040 _aBD-JhCC
_dBD-JhCC
041 _aben
082 _a891.443
_bJOL 2012
100 _aজলদাস, হরিশংকর
245 _aবাংলাসাহিত্যের নানা অনুষঙ্গ /
_cহরিশংকর জলদাস
260 _aঢাকা :
_bরোদেলা ;
_c2012.
300 _a143 p . :
_c20cm
651 _aBengoli Novel
942 _2lcc
_cBK